Filonov (Record no. 8158)

MARC details
000 - LÍDER
campo de control de longitud fija 00906nam a2200229Ia 4500
008 - ELEMENTOS DE DATOS DE LONGITUD FIJA - INFORMACIÓN GENERAL
campo de control de longitud fija 0000001990 fr a 0000000000fre00
020 ## - INTERNATIONAL STANDARD BOOK NUMBER
International Standard Book Number 2858505314
090 ## - NÚMERO DE LLAMADA DE TIPO LC LOCALMENTE ASIGNADO (OCLC)
Número de clasificación (OCLC) (R) PRU00 F34f
100 1# - ENTRADA PRINCIPAL - NOMBRE PERSONAL
Nombre de la persona Filonov, Pavel Nikolaoevitch
Fechas asociadas a un nombre 1883
245 10 - TÍTULO DECLARACIÓN
Título Filonov
Declaración de responsabilidad / conception et réalisation Evgueni Kovtoune, Stanislas Zadora, Nicole Ouvrard
260 ## - PUBLICACIÓN, DISTRIBUCIÓN
Lugar de publicación Paris : Centre Georges Pompidou
Fecha de publicación 1990
300 ## - DESCRIPCIÓN FÍSICA
Alcance 248 p.
Dimensiones / 30 cm.
500 ## - NOTA GENERAL
Nota general Exposición realizada en Centre Georges Pompidou, Paris, Febrero 15 Abril 30, 1990 \ Con el patronazgo de la empresa colombiana PLARESA
600 00 - ENTRADA DE SUJETO AÑADIDO - NOMBRE PERSONAL
Nombre de la persona FILONOV, PAVEL NIKOLAOEVOTCH, 18831941/
Subdivisión general TRABAJOS PICTORICOS
650 14 - ENTRADA DE SUJETO AÑADIDO - TÉRMINO TÓPICO
Término tópico o elemento de entrada del nombre geográfico ARTE MODERNO RUSO
650 14 - ENTRADA DE SUJETO AÑADIDO - TÉRMINO TÓPICO
Subdivisión general CATALOGOS
650 14 - ENTRADA DE SUJETO AÑADIDO - TÉRMINO TÓPICO
Término tópico o elemento de entrada del nombre geográfico DIBUJOS RUSOS
650 14 - ENTRADA DE SUJETO AÑADIDO - TÉRMINO TÓPICO
Subdivisión general EXPOSICIONES
650 14 - ENTRADA DE SUJETO AÑADIDO - TÉRMINO TÓPICO
Término tópico o elemento de entrada del nombre geográfico PINTORES RUSOS
650 14 - ENTRADA DE SUJETO AÑADIDO - TÉRMINO TÓPICO
Término tópico o elemento de entrada del nombre geográfico PINTURA RUSA
700 1# - ENTRADA AGREGADA - NOMBRE PERSONAL
Nombre de la persona Kovtoune, Evgueni \ Zadora, Stanislas \ Ouvrard, Nicole
Holdings
Estado de retirada Pérdida de estatus Estado dañado No para préstamo Código de recogida Ubicación permanente Ubicación actual Ubicación de las estanterías Fecha de adquisición Número de llamada completo Código de barras Fecha de la última vez que se vio Número de copia Precio efectivo desde Tipo de artículo Koha
        General ArtNexus ArtNexus General 06/09/2022 P-RU-00 F34F 8161 06/09/2022 Ej.1 06/09/2022 Libro

Powered by Koha